[Event "SR 2. liga A 2011/2012"]
[Site "?"]
[Date "2012.02.26"]
[Round "61.4"]
[White "Petrik, Karol"]
[Black "Lesny, Stefan"]
[Result "0-1"]
[WhiteElo "2082"]
[BlackElo "2074"]
[PlyCount "46"]
[EventDate "2011.??.??"]
[WhiteTeam "Slovakia"]
[BlackTeam "Slovakia"]
[WhiteTeamCountry "SVK"]
[BlackTeamCountry "SVK"]

1. e4 e5 2. Nf3 Nc6 3. d4 exd4 4. c3 dxc3 5. Nxc3 d6 6. Bc4 Nf6 7. Qb3 Qd7 8.
Ng5 Ne5 9. Be2 h6 10. f4 hxg5 11. fxe5 dxe5 12. Bxg5 c6 13. O-O Bc5+ 14. Kh1
Qe7 15. Rad1 Be6 16. Qc2 Bd4 17. Rxd4 exd4 18. e5 Qc5 19. exf6 Qxg5 20. fxg7
Qxg7 21. Ne4 O-O-O 22. Bc4 Bxc4 23. Qxc4 Qe5 0-1

[Event "SR 2. liga A 2011/2012"]
[Site "?"]
[Date "2012.02.26"]
[Round "61.5"]
[White "Takacs, Laszlo"]
[Black "Krajnak, Robert"]
[Result "1-0"]
[WhiteElo "1976"]
[BlackElo "2094"]
[PlyCount "57"]
[EventDate "2011.??.??"]
[WhiteTeam "Slovakia"]
[BlackTeam "Slovakia"]
[WhiteTeamCountry "SVK"]
[BlackTeamCountry "SVK"]

1. e4 c5 2. Nf3 e6 3. d4 cxd4 4. Nxd4 Nc6 5. Nxc6 bxc6 6. Nc3 d5 7. Bd3 Nf6 8.
O-O Be7 9. Re1 O-O 10. e5 Nd7 11. Qg4 f5 12. Qg3 Rb8 13. Ne2 Qc7 14. Nd4 Nc5
15. Rb1 Ne4 16. Bxe4 fxe4 17. c3 c5 18. Nc2 Ba6 19. Ne3 Kh8 20. Ng4 Rf5 21. b3
Rbf8 22. Rb2 h5 23. Ne3 Rxe5 24. Nf1 h4 25. Qg6 Rf6 26. Qg4 Ref5 27. Bg5 Rg6
28. Qh5+ Rh6 29. Qe8+ 1-0

[Event "SR 2. liga A 2011/2012"]
[Site "?"]
[Date "2012.02.26"]
[Round "61.6"]
[White "Magyar, Frantisek"]
[Black "Merva, Frantisek"]
[Result "1-0"]
[WhiteElo "2019"]
[BlackElo "2047"]
[PlyCount "57"]
[EventDate "2011.??.??"]
[WhiteTeam "Slovakia"]
[BlackTeam "Slovakia"]
[WhiteTeamCountry "SVK"]
[BlackTeamCountry "SVK"]

1. d4 {0} Nf6 {0} 2. c4 g6 3. Nc3 d5 4. cxd5 Nxd5 5. e4 Nxc3 6. bxc3 Bg7 7. Bc4
c5 8. Ne2 Nc6 9. Be3 O-O 10. O-O cxd4 11. cxd4 Na5 12. Bd5 e6 13. Bb3 Nxb3 14.
Qxb3 b6 15. a4 Ba6 16. Ra2 Rc8 17. Rc2 Qd7 18. Rd1 Rxc2 19. Qxc2 Rc8 20. Nc3
Qc6 21. Rc1 Qc4 22. e5 Bf8 23. Qb2 Qd3 24. h3 Be7 25. Kh2 Kg7 26. Nb5 Rxc1 27.
Qxc1 Bxb5 28. Bh6+ Kg8 29. Qc8+ 1-0

[Event "SR 2. liga A 2011/2012"]
[Site "?"]
[Date "2012.02.26"]
[Round "61.7"]
[White "Partys, Petr"]
[Black "Polacik, Igor"]
[Result "0-1"]
[WhiteElo "2027"]
[BlackElo "2165"]
[PlyCount "64"]
[EventDate "2011.??.??"]
[WhiteTeam "Slovakia"]
[BlackTeam "Slovakia"]
[WhiteTeamCountry "SVK"]
[BlackTeamCountry "SVK"]

1. e4 e5 2. Nf3 Nc6 3. Bb5 a6 4. Ba4 d6 5. O-O Bd7 6. d4 b5 7. Bb3 Nxd4 8. Nxd4
exd4 9. c3 dxc3 10. Qd5 Be6 11. Qc6+ Bd7 12. Qxc3 Nf6 13. Re1 Be7 14. f4 O-O
15. e5 Ne8 16. Be3 c6 17. Nd2 d5 18. Rac1 g6 19. Nf3 Ng7 20. Bc5 Rc8 21. h3 Nh5
22. Bxe7 Qxe7 23. Qd2 Ng7 24. Kh2 Rfd8 25. g4 f5 26. g5 Be6 27. Qa5 Qa7 28. Re2
c5 29. Rd1 c4 30. Bc2 d4 31. Red2 d3 32. a4 Qe3 0-1

[Event "SR 2. liga A 2011/2012"]
[Site "?"]
[Date "2012.02.26"]
[Round "62.1"]
[White "Bronis, Marian"]
[Black "Schwarz, Dusan"]
[Result "0-1"]
[WhiteElo "2160"]
[BlackElo "2286"]
[PlyCount "116"]
[EventDate "2011.??.??"]
[WhiteTeam "Slovakia"]
[BlackTeam "Slovakia"]
[WhiteTeamCountry "SVK"]
[BlackTeamCountry "SVK"]

1. d4 d5 2. c4 c6 3. Nc3 Nf6 4. e3 e6 5. Nf3 Nbd7 6. Qc2 Bd6 7. Bd3 O-O 8. O-O
dxc4 9. Bxc4 b5 10. Bd3 Bb7 11. Rd1 Qc7 12. h3 h6 13. e4 e5 14. Be3 a6 15. Rac1
Rfe8 16. a3 Rad8 17. dxe5 Nxe5 18. Nxe5 Bxe5 19. Ne2 Qb8 20. f4 Bc7 21. e5 Nd5
22. Bc5 Bc8 23. Bh7+ Kh8 24. Be4 Bb6 25. Bxd5 Rxd5 26. Rxd5 cxd5 27. Nd4 Bxc5
28. Qxc5 Bb7 29. Qb6 Rc8 30. Rc5 Rxc5 31. Qxc5 Kh7 32. b4 Qd8 33. g3 Bc8 34.
Kg2 Bd7 35. f5 Qg5 36. g4 Qd2+ 37. Kg3 Qe1+ 38. Kg2 Qxe5 39. Nf3 Qe4 40. Qc7
Be8 41. Qc5 f6 42. Kg3 Qd3 43. Qc8 Qe4 44. Qxa6 Qc4 45. Qd6 Qc3 46. Qe7 Bc6 47.
Qc5 d4 48. Qxc3 dxc3 49. Nd4 Be4 50. Kf4 c2 51. Ne2 Bd3 52. Nc1 Bf1 53. h4 Kg8
54. Ke3 Bh3 55. Kd4 Bxg4 56. Kc5 Bxf5 57. Kxb5 g5 58. hxg5 h5 0-1

[Event "SR 2. liga A 2011/2012"]
[Site "?"]
[Date "2012.02.26"]
[Round "62.2"]
[White "Janos, Martin"]
[Black "Dolnak, Michal"]
[Result "0-1"]
[WhiteElo "2252"]
[BlackElo "2098"]
[PlyCount "116"]
[EventDate "2011.??.??"]
[WhiteTeam "Slovakia"]
[BlackTeam "Slovakia"]
[WhiteTeamCountry "SVK"]
[BlackTeamCountry "SVK"]

1. e4 e5 2. Nc3 Nc6 3. f4 Bc5 4. Nf3 d6 5. Bb5 Bd7 6. Bxc6 Bxc6 7. d4 exd4 8.
Nxd4 Nf6 9. Nxc6 bxc6 10. Qf3 d5 11. e5 Nd7 12. Ne2 Rb8 13. Be3 Bxe3 14. Qxe3
Rxb2 15. O-O O-O 16. Nd4 Re8 17. Nxc6 Qa8 18. Qc3 Rb6 19. Nd4 c5 20. Nf5 Qc6
21. Nd6 Reb8 22. Qg3 Nf8 23. f5 Qc7 24. f6 g6 25. Rae1 Ne6 26. Nf5 Qd8 27. Ne7+
Kh8 28. Qh3 R8b7 29. Nxd5 $4 Qxd5 30. Rd1 Qxe5 31. Qh6 Rb8 32. c4 Rd6 33. Rde1
Qg5 34. Qh3 Rbd8 35. Qf3 Kg8 36. g3 h5 37. Re4 Rd3 38. Qe2 Rd2 39. Qe1 Rd1 40.
Qe2 Rxf1+ 41. Qxf1 Rd4 42. Re2 Rf4 43. Rf2 Rxf2 44. Qxf2 Qc1+ 45. Kg2 Qxc4 46.
h4 Qe4+ 47. Kh2 Qd4 48. Qf3 c4 49. Qc6 c3 50. Qe8+ Nf8 51. Qc6 Qd2+ 52. Kh3
Qd7+ 53. Qxd7 Nxd7 54. Kg2 c2 55. a4 c1=Q 56. a5 Ne5 57. a6 Qd2+ 58. Kh3 Nf3
0-1

[Event "SR 2. liga A 2011/2012"]
[Site "?"]
[Date "2012.02.26"]
[Round "62.3"]
[White "Kebis, Milos"]
[Black "Novak, Ivan"]
[Result "0-1"]
[WhiteElo "2008"]
[BlackElo "2187"]
[PlyCount "140"]
[EventDate "2011.??.??"]
[WhiteTeam "Slovakia"]
[BlackTeam "Slovakia"]
[WhiteTeamCountry "SVK"]
[BlackTeamCountry "SVK"]

1. Nf3 Nc6 2. e4 d6 3. d4 Nf6 4. Nc3 Bg4 5. Be2 e6 6. O-O d5 7. exd5 exd5 8.
Ne5 Bxe2 9. Nxe2 Bd6 10. Ng3 O-O 11. f4 Ne4 12. Nf5 Ne7 13. Nxd6 Qxd6 14. f5 f6
15. Nd3 c5 16. dxc5 Nxc5 17. Bf4 Qc6 18. Qg4 Ne4 19. Rf3 Rf7 20. h4 Qd7 21. Be3
Nc6 22. c3 Re8 23. Bd4 b6 24. Nf4 Nd6 25. Nh5 Nxd4 26. cxd4 Re4 27. Qh3 Rxd4
28. Raf1 Ne4 29. Rf4 Qb5 30. Qe3 Rd3 31. Qe2 Qc5+ 32. Kh2 Qe3 33. Qg4 Nd2 34.
R1f2 Qe5 35. Re2 Ne4 36. Rc2 Nd6 37. Ng3 Re7 38. h5 Nf7 39. Rc8+ Re8 40. Rc6
Nh6 41. Qh4 Rd2 42. Re6 Rxe6 43. fxe6 Qxe6 44. Ra4 Rxb2 45. Qf4 Qe5 46. Qc1 a5
47. Qc8+ Kf7 48. Qd7+ Kf8 49. Qd8+ Kf7 50. Qd7+ Kf8 51. Qd8+ Qe8 52. Qd6+ Qe7
53. Qxd5 Rb4 54. Ra3 Rh4+ 55. Kg1 Qc5+ 56. Qxc5+ bxc5 57. Rxa5 Rc4 58. Ra8+ Ke7
59. Ra7+ Kf8 60. Ra8+ Ke7 61. Ra7+ Kf8 62. Ra8+ Kf7 63. Ra7+ Ke6 64. Rxg7 f5
65. Rxh7 Ng4 66. Ne2 Rc2 67. Nf4+ Ke5 68. g3 Rc1+ 69. Kg2 Rc2+ 70. Kf3 Rf2# 0-1

[Event "SR 2. liga A 2011/2012"]
[Site "?"]
[Date "2012.02.26"]
[Round "62.4"]
[White "Janos, Jozef"]
[Black "Mandak, Miroslav"]
[Result "1/2-1/2"]
[WhiteElo "2145"]
[BlackElo "2003"]
[PlyCount "110"]
[EventDate "2011.??.??"]
[WhiteTeam "Slovakia"]
[BlackTeam "Slovakia"]
[WhiteTeamCountry "SVK"]
[BlackTeamCountry "SVK"]

1. d4 e6 2. c4 f5 3. Nc3 Nf6 4. Nf3 Be7 5. Qc2 O-O 6. e3 Bb4 7. Bd3 b6 8. O-O
Bb7 9. Ne1 Bxc3 10. bxc3 c5 11. f3 Nc6 12. Rb1 d6 13. Qf2 Qd7 14. Nc2 e5 15. d5
Ne7 16. Na3 Kh8 17. Qe2 g5 18. e4 f4 19. g4 fxg3 20. hxg3 Rg8 21. Kg2 Raf8 22.
Rh1 Rg7 23. Be3 Rfg8 24. Rh6 Rg6 25. Rbh1 R8g7 26. Qd2 Rxh6 27. Rxh6 Neg8 28.
Bxg5 Nxh6 29. Bxf6 Ng8 30. Bxg7+ Qxg7 31. Nb5 $18 Qd7 32. Nxa7 Bxd5 33. cxd5
Qxa7 34. f4 Qg7 35. f5 Nf6 36. Qe3 h5 37. Kf1 Ng4 38. Qd2 Nf6 39. Qe3 Ng4 40.
Qg1 Qg5 41. Ke2 Kg7 42. a4 Kh7 43. Bb1 Kg7 44. Kd3 Nf6 45. Qe3 Qg4 46. Bc2 Kh7
47. Kc4 Qg7 48. Kb5 Qd7+ 49. Kc4 Qg7 50. Bd1 Qg8 51. Kd3 Qg7 52. Kd2 $138 Qg8
53. Ke1 Qg7 54. Kf2 Qg8 55. Kg2 h4 1/2-1/2

[Event "SR 2. liga A 2011/2012"]
[Site "?"]
[Date "2012.02.26"]
[Round "62.5"]
[White "Povysil, Peter"]
[Black "Hajek, Lukas"]
[Result "1/2-1/2"]
[WhiteElo "1990"]
[BlackElo "2038"]
[PlyCount "41"]
[EventDate "2011.??.??"]
[WhiteTeam "Slovakia"]
[BlackTeam "Slovakia"]
[WhiteTeamCountry "SVK"]
[BlackTeamCountry "SVK"]

1. d4 Nf6 2. c4 g6 3. Nc3 d5 4. Nf3 Bg7 5. h4 c6 6. e3 O-O 7. Bd3 Bg4 8. Bd2
Nbd7 9. Qc2 Qc7 10. Nh2 e5 11. Nxg4 Nxg4 12. Be2 exd4 13. Bxg4 dxc3 14. Bxc3
Bxc3+ 15. Qxc3 Ne5 16. Be2 Nxc4 17. Bxc4 dxc4 18. h5 Rae8 19. hxg6 fxg6 20.
Qxc4+ Qf7 21. Qxf7+ 1/2-1/2

[Event "SR 2. liga A 2011/2012"]
[Site "?"]
[Date "2012.02.26"]
[Round "62.6"]
[White "Chovanec, Vladimir"]
[Black "Holubcik, Marian"]
[Result "0-1"]
[WhiteElo "2114"]
[BlackElo "2003"]
[PlyCount "130"]
[EventDate "2011.??.??"]
[WhiteTeam "Slovakia"]
[BlackTeam "Slovakia"]
[WhiteTeamCountry "SVK"]
[BlackTeamCountry "SVK"]

1. e4 d5 2. exd5 Qxd5 3. Nf3 Bg4 4. Be2 Nc6 5. d4 O-O-O 6. c4 Qd7 7. d5 Bxf3 8.
Bxf3 Ne5 9. O-O e6 10. Nc3 Nf6 11. Bf4 Bd6 12. Bxe5 Bxe5 13. Qb3 exd5 14. Nxd5
Nxd5 15. Bxd5 c6 16. Bf3 Qc7 17. Qa3 Kb8 18. Rab1 Bxh2+ 19. Kh1 Be5 20. Rbd1
Rd4 21. Rxd4 Bxd4 22. b4 Re8 23. Qd3 Qe5 24. g3 h5 25. Kg2 g6 26. Rd1 Bb6 27.
Qd6+ Qxd6 28. Rxd6 Rd8 29. Rxd8+ Bxd8 30. Be2 Kc7 31. Kf3 Kd6 32. Ke4 f5+ 33.
Kf4 Ke6 34. Ke3 h4 35. gxh4 Bxh4 36. f3 b6 37. Bd3 g5 38. Be2 Bg3 39. Bd1 a6
40. a4 Ke5 41. Be2 c5 42. b5 a5 43. Bd1 Be1 44. Be2 Bc3 45. Bd1 Bd4+ 46. Kd3
Kf4 47. Be2 Kg3 48. Kd2 Kf2 49. Bd1 Be5 50. Bc2 g4 51. Bxf5 g3 52. Bh3 g2 53.
Bxg2 Kxg2 54. Ke3 Kg3 55. Ke4 Bf4 56. Kd5 Kxf3 57. Kc6 Ke4 58. Kxb6 Kd4 59.
Kxa5 Kxc4 60. b6 Kb3 61. Kb5 c4 62. a5 c3 63. a6 c2 64. a7 c1=Q 65. a8=Q Qc4+
0-1

[Event "SR 2. liga A 2011/2012"]
[Site "?"]
[Date "2012.02.26"]
[Round "62.7"]
[White "Faltan, Peter"]
[Black "Danada, Tomas"]
[Result "1/2-1/2"]
[WhiteElo "1979"]
[BlackElo "1960"]
[PlyCount "62"]
[EventDate "2011.??.??"]
[WhiteTeam "Slovakia"]
[BlackTeam "Slovakia"]
[WhiteTeamCountry "SVK"]
[BlackTeamCountry "SVK"]

1. d4 Nf6 2. Nf3 g6 3. c4 Bg7 4. Nc3 O-O 5. e4 d6 6. Bd3 e5 7. d5 a5 8. h3 Na6
9. Be3 b6 10. O-O Ne8 11. Nd2 f5 12. f4 exf4 13. Bxf4 Nc5 14. Qc2 Nxd3 15. Qxd3
fxe4 16. Ndxe4 Bf5 17. Rae1 Qd7 18. Qd2 Nf6 19. Ng3 Rae8 20. Nxf5 gxf5 21. Bh6
Bxh6 22. Qxh6 Qg7 23. Qxg7+ Kxg7 24. Nb5 Rxe1 25. Rxe1 Rf7 26. Nd4 Kg6 27. b3
Nd7 28. Re8 Kf6 29. Nb5 Nc5 30. Rc8 Na6 31. Re8 Nb4 1/2-1/2

[Event "SR 2. liga A 2011/2012"]
[Site "?"]
[Date "2012.02.26"]
[Round "62.8"]
[White "Karas, Marek"]
[Black "Bukovcak, Jaroslav"]
[Result "1-0"]
[WhiteElo "1751"]
[BlackElo "1795"]
[PlyCount "79"]
[EventDate "2011.??.??"]
[WhiteTeam "Slovakia"]
[BlackTeam "Slovakia"]
[WhiteTeamCountry "SVK"]
[BlackTeamCountry "SVK"]

1. d4 e6 2. c4 d5 3. Nf3 Nf6 4. e3 Be7 5. b3 b6 6. Bb2 Bb7 7. Bd3 Nbd7 8. O-O
O-O 9. Nbd2 c5 10. Ne5 Re8 11. f4 Nf8 12. Qe2 Rc8 13. Rac1 g6 14. Ndf3 Ne4 15.
Rfd1 f6 16. Ng4 h5 17. Nf2 Kf7 18. Nd2 Nxf2 19. Qxf2 Nd7 20. Nf3 Rg8 21. Rf1
Qf8 22. Qg3 Qh6 23. Ng5+ Ke8 24. Nxe6 Bd6 25. dxc5 bxc5 26. cxd5 Bxd5 27. Nd4
Kf7 28. Nb5 Bb8 29. e4 Be6 30. Qf3 Nb6 31. e5 Bd5 32. Be4 Bxe4 33. Qxe4 Qf8 34.
exf6 Qe8 35. Qb7+ Qd7 36. Qxd7+ Nxd7 37. f5 a6 38. Rcd1 Nxf6 39. fxg6+ Rxg6 40.
Nd6+ 1-0

[Event "SR 2. liga A 2011/2012"]
[Site "?"]
[Date "2012.02.26"]
[Round "63.1"]
[White "Pagerka, Martin"]
[Black "Rohacek, Miroslav"]
[Result "1-0"]
[WhiteElo "2200"]
[BlackElo "2297"]
[PlyCount "53"]
[EventDate "2011.??.??"]
[WhiteTeam "Slovakia"]
[BlackTeam "Slovakia"]
[WhiteTeamCountry "SVK"]
[BlackTeamCountry "SVK"]

1. e4 c5 2. Nf3 d6 3. d4 cxd4 4. Nxd4 Nf6 5. Nc3 a6 6. Bg5 e6 7. f4 Be7 8. Qf3
Nbd7 9. O-O-O h6 10. Bh4 g5 11. fxg5 Ne5 12. gxf6 Nxf3 13. fxe7 Qb6 14. gxf3
Rg8 15. e5 d5 16. Nf5 Rg5 17. Rxd5 Bd7 18. Ne4 exf5 19. Nf6+ Kxe7 20. Rxd7+ Kf8
21. Bxg5 hxg5 22. Bc4 Kg7 23. Rxf7+ Kg6 24. Nd5 Qc5 25. Ne7+ Kh6 26. Nxf5+ Kg6
27. Rf6+ 1-0

[Event "SR 2. liga A 2011/2012"]
[Site "?"]
[Date "2012.02.26"]
[Round "63.3"]
[White "Jozefek, Michal"]
[Black "Kralovic, Andrej"]
[Result "0-1"]
[WhiteElo "1910"]
[BlackElo "2172"]
[PlyCount "74"]
[EventDate "2011.??.??"]
[WhiteTeam "Slovakia"]
[BlackTeam "Slovakia"]
[WhiteTeamCountry "SVK"]
[BlackTeamCountry "SVK"]

1. d4 d5 2. c4 c6 3. Nf3 Nf6 4. e3 g6 5. b3 Bg7 6. Bb2 O-O 7. Bd3 Nbd7 8. O-O
b6 9. Nbd2 Bb7 10. Ne5 Rc8 11. f4 e6 12. b4 Qe7 13. c5 Nxe5 14. fxe5 Nd7 15. e4
Ra8 16. Qe2 a5 17. a3 Ra7 18. Bc3 bxc5 19. exd5 exd5 20. dxc5 axb4 21. axb4
Rxa1 22. Bxa1 Nxe5 23. Re1 Re8 24. Kf1 f6 25. Nb3 Kf7 26. Qd2 Qc7 27. Qf4 Re7
28. Be2 Qc8 29. Nd4 Ba6 30. b5 cxb5 31. Nxb5 Bxb5 32. Bxb5 Qxc5 33. Be2 Nc4 34.
Bd4 Qd6 35. Qf2 Qxh2 36. Bf3 Qh1+ 37. Qg1 Nd2+ 0-1

[Event "SR 2. liga A 2011/2012"]
[Site "?"]
[Date "2012.02.26"]
[Round "63.4"]
[White "Kimerling, Martin"]
[Black "Spacek, Oliver"]
[Result "0-1"]
[WhiteElo "2015"]
[BlackElo "1907"]
[PlyCount "72"]
[EventDate "2011.??.??"]
[WhiteTeam "Slovakia"]
[BlackTeam "Slovakia"]
[WhiteTeamCountry "SVK"]
[BlackTeamCountry "SVK"]

1. d4 Nf6 2. c4 g6 3. g3 Bg7 4. Bg2 O-O 5. Nf3 c6 6. O-O d6 7. Nc3 Qc7 8. e4
Nbd7 9. h3 e5 10. Be3 Ne8 11. Qc2 f5 12. Ng5 Ndf6 13. c5 h6 14. Qb3+ Kh8 15.
Ne6 Bxe6 16. Qxe6 Qd7 17. Qb3 Nxe4 18. Nxe4 fxe4 19. dxe5 d5 20. Rad1 Qe7 21.
f4 exf3 22. Bxf3 Qxe5 23. Bf4 Qe7 24. Qa3 g5 25. Rde1 Bd4+ 26. Be3 Qe5 27. Kg2
Ng7 28. Bc1 Qc7 29. Bd1 Rxf1 30. Rxf1 Qe7 31. Qd3 Qe4+ 32. Qxe4 dxe4 33. b4 a5
34. Bc2 axb4 35. Bxe4 Rxa2+ 36. Kh1 Nh5 0-1

[Event "SR 2. liga A 2011/2012"]
[Site "?"]
[Date "2012.02.26"]
[Round "63.5"]
[White "Pericka, Tomas"]
[Black "Padysak, Tomas"]
[Result "0-1"]
[WhiteElo "2008"]
[BlackElo "2025"]
[PlyCount "70"]
[EventDate "2011.??.??"]
[WhiteTeam "Slovakia"]
[BlackTeam "Slovakia"]
[WhiteTeamCountry "SVK"]
[BlackTeamCountry "SVK"]

1. e4 c5 2. Nf3 d6 3. Bb5+ Bd7 4. Qe2 Nc6 5. c3 g6 6. O-O Bg7 7. Rd1 a6 8. Bxc6
bxc6 9. d4 cxd4 10. cxd4 Nf6 11. e5 dxe5 12. dxe5 Nd5 13. Nc3 Nxc3 14. bxc3 O-O
15. e6 fxe6 16. Ne5 Bxe5 17. Qxe5 Rf5 18. Qe4 Rd5 19. Bh6 Bc8 20. Re1 e5 21. c4
Bf5 22. Qe3 Ra5 23. Qc3 Qc7 24. c5 e6 25. a4 Rd8 26. Rxe5 Rd7 27. Rae1 Rxa4 28.
Rxe6 Bxe6 29. Qf6 Rf7 30. Qxe6 Qe7 31. Rb1 Ra1 32. Qxf7+ Kxf7 33. Rxa1 Qxc5 34.
Rxa6 Qh5 35. Ra7+ Ke6 0-1

[Event "SR 2. liga A 2011/2012"]
[Site "?"]
[Date "2012.02.26"]
[Round "63.6"]
[White "Mikova, Veronika"]
[Black "Diviak, Rastislav"]
[Result "1/2-1/2"]
[WhiteElo "2060"]
[BlackElo "2020"]
[PlyCount "20"]
[EventDate "2011.??.??"]
[WhiteTeam "Slovakia"]
[BlackTeam "Slovakia"]
[WhiteTeamCountry "SVK"]
[BlackTeamCountry "SVK"]

1. e4 c5 2. Nf3 d6 3. Bb5+ Bd7 4. Bxd7+ Qxd7 5. O-O Nf6 6. Nc3 g6 7. d3 Bg7 8.
h3 Nc6 9. Be3 O-O 10. Qd2 Rfe8 1/2-1/2

[Event "SR 2. liga A 2011/2012"]
[Site "?"]
[Date "2012.02.26"]
[Round "63.7"]
[White "Spacek, Marcel"]
[Black "Sebo, Viktor"]
[Result "0-1"]
[WhiteElo "1818"]
[BlackElo "1924"]
[PlyCount "108"]
[EventDate "2011.??.??"]
[WhiteTeam "Slovakia"]
[BlackTeam "Slovakia"]
[WhiteTeamCountry "SVK"]
[BlackTeamCountry "SVK"]

1. d4 Nf6 2. c4 g6 3. Nc3 d5 4. cxd5 Nxd5 5. e4 Nxc3 6. bxc3 Bg7 7. Bc4 c5 8.
Ne2 O-O 9. O-O Nc6 10. Be3 Qc7 11. Qc1 Rd8 12. Rd1 Bd7 13. a4 Na5 14. Ba2 c4
15. Qa3 e6 16. Bf4 Qc6 17. Qb4 b6 18. Ng3 Qxa4 19. Bd6 Qxb4 20. Bxb4 Ba4 21.
Re1 Nb3 22. Bxb3 Bxb3 23. e5 a5 24. Bd6 Rd7 25. Re2 a4 26. Ba3 Bf8 27. Ne4 Kg7
28. Nd6 Rb8 29. Kf1 b5 30. Ke1 Be7 31. Kd2 Bg5+ 32. Ke1 Bd8 33. Kd2 Ba5 34. Bb4
Bxb4 35. cxb4 Ra7 36. Ra3 c3+ 37. Kxc3 Rc7+ 38. Kb2 Kf8 39. Ra1 Rb6 40. Rc1 a3+
41. Kxa3 Rxc1 42. Kxb3 Rb1+ 43. Rb2 Rd1 44. Ra2 Rd3+ 45. Kc2 Rxd4 46. Ra8+ Kg7
47. Kc3 Rd5 48. Ne8+ Kh6 49. Nf6 Rc6+ 50. Kb3 Rd3+ 51. Kb2 Rc4 52. Rh8 Rd2+ 53.
Kb3 Rcd4 54. Rxh7+ Kg5 0-1

[Event "SR 2. liga A 2011/2012"]
[Site "?"]
[Date "2012.02.26"]
[Round "63.8"]
[White "Sklars, Tomas"]
[Black "Gasa, Patrik"]
[Result "1/2-1/2"]
[WhiteElo "1898"]
[BlackElo "1768"]
[PlyCount "158"]
[EventDate "2011.??.??"]
[WhiteTeam "Slovakia"]
[BlackTeam "Slovakia"]
[WhiteTeamCountry "SVK"]
[BlackTeamCountry "SVK"]

1. e4 c5 2. Nf3 g6 3. d4 cxd4 4. Nxd4 Bg7 5. c4 Nc6 6. Be3 Nf6 7. Nc3 Ng4 8.
Qxg4 Nxd4 9. Qd1 e5 10. Bd3 O-O 11. O-O d6 12. Rc1 Be6 13. b3 Qd7 14. Bb1 Qe7
15. Bxd4 exd4 16. Nb5 Qg5 17. Nxd6 Bh3 18. Qf3 Bg4 19. Qg3 Be5 20. f4 Bxd6 21.
h3 d3 22. hxg4 Bc5+ 23. Kh1 Qh6+ 24. Qh3 Qxh3+ 25. gxh3 d2 26. Rcd1 Rad8 27.
Rf3 Ba3 28. e5 Rd4 29. Kg2 Rfd8 30. Kf2 Bc1 31. Ke3 b6 32. Be4 R4d7 33. Bd5 Re7
34. h4 Kg7 35. Ke4 f6 36. e6 h6 37. h5 Rh8 38. Rg3 Rd8 39. Rh1 Rh8 40. Rgh3 Rh7
41. hxg6 Kxg6 42. f5+ Kg7 43. Bc6 Kf8 44. Bd7 Reg7 45. Rh4 Ke7 46. Kd5 Bb2 47.
Rd1 Kd8 48. Kc6 Bc1 49. c5 bxc5 50. Kxc5 Kc7 51. b4 Rg5 52. Be8 Rgg7 53. Bf7
Rh8 54. a4 Rgh7 55. Rh3 Rc8 56. Rd3 Kb7+ 57. Kb5 Rc7 58. Rd6 Rh8 59. a5 Rb8 60.
Ka4 Kc8 61. Rd3 a6 62. Rh1 Rcb7 63. Rb3 Kd8 64. Bg6 Ke7 65. Rd1 Rc8 66. Rd3 Rc4
67. Rd7+ Rxd7 68. exd7 Kxd7 69. Kb3 Rxg4 70. Bh5 Rf4 71. Be2 Rxf5 72. Bxa6 Re5
73. Kc2 Re4 74. Bd3 Rxb4 75. Rh1 Rd4 76. Be2 Kc6 77. Kd1 Ra4 78. Rxh6 Rf4 79.
a6 Kb6 1/2-1/2

[Event "SR 2. liga A 2011/2012"]
[Site "?"]
[Date "2012.02.26"]
[Round "64.1"]
[White "Doucha, Ludvik"]
[Black "Kleman, Miroslav"]
[Result "1/2-1/2"]
[WhiteElo "2102"]
[BlackElo "2230"]
[PlyCount "20"]
[EventDate "2011.??.??"]
[WhiteTeam "Slovakia"]
[BlackTeam "Slovakia"]
[WhiteTeamCountry "SVK"]
[BlackTeamCountry "SVK"]

1. e4 e5 2. Nf3 Nf6 3. Nxe5 d6 4. Nf3 Nxe4 5. d4 d5 6. Bd3 Nd7 7. O-O Bd6 8. c4
c6 9. cxd5 cxd5 10. Nc3 Nxc3 1/2-1/2

[Event "SR 2. liga A 2011/2012"]
[Site "?"]
[Date "2012.02.26"]
[Round "64.2"]
[White "Tepper, Frantisek"]
[Black "Arendas, Marek"]
[Result "1/2-1/2"]
[WhiteElo "2163"]
[BlackElo "2082"]
[PlyCount "21"]
[EventDate "2011.??.??"]
[WhiteTeam "Slovakia"]
[BlackTeam "Slovakia"]
[WhiteTeamCountry "SVK"]
[BlackTeamCountry "SVK"]

1. e4 c6 2. d4 d5 3. Nc3 dxe4 4. Nxe4 Bf5 5. Ng3 Bg6 6. Nf3 Nd7 7. Bd3 Bxd3 8.
Qxd3 Qc7 9. Bd2 Ngf6 10. O-O e6 11. Ne4 1/2-1/2

[Event "SR 2. liga A 2011/2012"]
[Site "?"]
[Date "2012.02.26"]
[Round "64.3"]
[White "Hertel, Ondrej"]
[Black "Fabry, Robert"]
[Result "1/2-1/2"]
[WhiteElo "2073"]
[BlackElo "2177"]
[PlyCount "71"]
[EventDate "2011.??.??"]
[WhiteTeam "Slovakia"]
[BlackTeam "Slovakia"]
[WhiteTeamCountry "SVK"]
[BlackTeamCountry "SVK"]

1. d4 d5 2. Nf3 Nf6 3. Bf4 e6 4. e3 Bd6 5. Bg3 c5 6. c3 Nc6 7. Nbd2 O-O 8. Bd3
Qc7 9. Qe2 c4 10. Bc2 b5 11. a3 a5 12. Bxd6 Qxd6 13. O-O Bb7 14. e4 dxe4 15.
Nxe4 Nxe4 16. Bxe4 Nd8 17. Bxb7 Nxb7 18. Qe5 Qxe5 19. Nxe5 Rac8 20. Rfe1 Rfd8
21. h3 f6 22. Nf3 Kf7 23. Re2 Re8 24. Rae1 Rc7 25. g3 Rce7 26. Kg2 Nd8 27. h4
Nc6 28. Re3 e5 29. dxe5 Nxe5 30. Nxe5+ Rxe5 31. Rxe5 Rxe5 32. Rxe5 fxe5 33. Kf3
Ke6 34. Ke4 h5 35. f4 exf4 36. Kxf4 1/2-1/2

[Event "SR 2. liga A 2011/2012"]
[Site "?"]
[Date "2012.02.26"]
[Round "64.4"]
[White "Sulek, Viliam"]
[Black "Liptak, Dusan"]
[Result "1/2-1/2"]
[WhiteElo "2135"]
[BlackElo "2075"]
[PlyCount "22"]
[EventDate "2011.??.??"]
[WhiteTeam "Slovakia"]
[BlackTeam "Slovakia"]
[WhiteTeamCountry "SVK"]
[BlackTeamCountry "SVK"]

1. e4 e6 2. d4 d5 3. exd5 exd5 4. Nf3 Nf6 5. Be2 Be7 6. O-O O-O 7. Bg5 Bg4 8.
Re1 Re8 9. c4 c6 10. Nc3 dxc4 11. Bxc4 Nbd7 1/2-1/2

[Event "SR 2. liga A 2011/2012"]
[Site "?"]
[Date "2012.02.26"]
[Round "64.6"]
[White "Kolman, Richard"]
[Black "Sturdik, Igor"]
[Result "1/2-1/2"]
[WhiteElo "2070"]
[BlackElo "2067"]
[PlyCount "27"]
[EventDate "2011.??.??"]
[WhiteTeam "Slovakia"]
[BlackTeam "Slovakia"]
[WhiteTeamCountry "SVK"]
[BlackTeamCountry "SVK"]

1. d4 Nf6 2. c4 c5 3. Nf3 e6 4. Nc3 d5 5. cxd5 Nxd5 6. e4 Nxc3 7. bxc3 cxd4 8.
cxd4 Bb4+ 9. Bd2 Bxd2+ 10. Qxd2 O-O 11. Bc4 b6 12. O-O Ba6 13. Rac1 Bxc4 14.
Rxc4 1/2-1/2

[Event "SR 2. liga A 2011/2012"]
[Site "?"]
[Date "2012.02.26"]
[Round "65.1"]
[White "Kundrik, Peter"]
[Black "Bezuch, Martin"]
[Result "1/2-1/2"]
[WhiteElo "2260"]
[BlackElo "2210"]
[PlyCount "43"]
[EventDate "2011.??.??"]
[WhiteTeam "Slovakia"]
[BlackTeam "Slovakia"]
[WhiteTeamCountry "SVK"]
[BlackTeamCountry "SVK"]

1. e4 g6 2. d4 Bg7 3. Nc3 d6 4. Be3 Nd7 5. Bc4 a6 6. a4 e5 7. Nf3 Ngf6 8. O-O
O-O 9. dxe5 Nxe5 10. Nxe5 dxe5 11. Bc5 Re8 12. Qe2 Nh5 13. Nd5 Nf4 14. Qf3 Ne6
15. Be3 Nd4 16. Qd1 c6 17. Nb4 Qh4 18. c3 Nf5 19. Bxf7+ Kxf7 20. exf5 Bxf5 21.
Qb3+ Be6 22. Qc2 {remis} 1/2-1/2